000 00605nam a2200217 i 4500
001 bg
100 1 _aMAZURCZAK, Jerzy
245 1 0 _aProjektowanie struktur systemów produkcyjnych /
_cJerzy Mazurczak.
260 _aPoznań :
_bWydaw. Politechniki Poznańskiej,
_c2002.
300 _a149 s. :
_bil. ;
_c24 cm.
504 _aBibliogr.
650 9 _aProdukcja
_xzarządzanie
655 _aPodręczniki akademickie
020 _a8371435088
040 _cBPK
041 0 _apol
080 _a658.5.012.4(075.8)
920 _a83-7143-508-8
942 _cKS
008 s pl f |000 0 pol
999 _c43061
_d43061
856 _uhttp://koha.tu.koszalin.pl/cgi-bin/koha/opac-detail.pl?biblionumber=43061
_yKatalog online BPK